000 00662nam a2200217Ia 4500
005 20250326144404.0
008 250326s9999 xx 000 0 und d
020 _a978-0-470-42484-1
037 _aTextbook
040 _aFMSL
_beng
_cFMSL
041 _aeng
_2eng
084 _aX:8 P9
_qFMSL
100 _aKusy Mitchell
_9749584
245 0 _aToxic workplace : managing toxic personalities and their systems of power
_cKusy Mitchell; Holloway Elizabeth
260 _aNew Jersey
_bNew Jersey, Jossey-Bass
_c2009
300 _avi,242
365 _b1357.5315000000001
650 _aManagement
942 _cTB
_hX:8 P9
999 _c1303528
_d1303528